[Event "5. Open Internacional 64 Villalba 2017"]
[Site "Collado Villalba ESP"]
[Date "2017.07.27"]
[Round "5.8"]
[White "Gali Gambero, Joaquin"]
[Black "Osuna Osuna, Francisco"]
[Result "1/2-1/2"]
[WhiteElo "1418"]
[BlackElo "1590"]
[PlyCount "106"]
[EventDate "2017.07.23"]
[EventType "swiss"]
[EventRounds "8"]
[EventCountry "ESP"]
[SourceTitle "Ajedrez en Madrid"]
[Source "lmi"]
[SourceDate "2017.07.23"]
[SourceVersion "1"]
[SourceVersionDate "2017.08.02"]
[SourceQuality "1"]

1. d4 d5 2. Nf3 e6 3. Bf4 f5 4. e3 Nf6 5. Nbd2 Bd6 6. Ne5 O-O 7. c4 c6 8. c5
Bc7 9. b4 Ne4 10. Ndf3 Nd7 11. h3 Nxe5 12. Bxe5 Bxe5 13. Nxe5 Qh4 14. Qc2 f4
15. Nf3 Qh6 16. exf4 Qxf4 17. Bd3 Bd7 18. O-O Rf6 19. Ne5 Be8 20. Bxe4 dxe4 21.
Rae1 Bg6 22. Nxg6 Rxg6 23. Qxe4 Qh6 24. Re3 Rf8 25. Rf3 Rxf3 26. Qxf3 Qd2 27.
a3 Rf6 28. Qe3 Qa2 29. Re1 Qd5 30. Qe5 Qxe5 31. dxe5 Rf5 32. g3 g5 33. Kg2 h5
34. Re4 Kg7 35. g4 hxg4 36. hxg4 Rf7 37. Rd4 Kg6 38. Kg3 Re7 39. Rd6 Kf7 40. f4
gxf4+ 41. Kxf4 Kg6 42. Kg3 Kg5 43. Rd4 b6 44. cxb6 axb6 45. a4 Ra7 46. b5 cxb5
47. axb5 Ra3+ 48. Kf2 Rb3 49. Rd6 Kxg4 50. Rxb6 Kf4 51. Rxe6 Rxb5 52. Re8 Rxe5
53. Rxe5 Kxe5 1/2-1/2

[Event "5. Open Internacional 64 Villalba 2017"]
[Site "Collado Villalba ESP"]
[Date "2017.07.28"]
[Round "6.1"]
[White "Osorio Ramos, Francisco"]
[Black "Svyatoslav, Vorobyev"]
[Result "1/2-1/2"]
[WhiteElo "1845"]
[BlackElo "1771"]
[PlyCount "100"]
[EventDate "2017.07.23"]
[EventType "swiss"]
[EventRounds "8"]
[EventCountry "ESP"]

1. d4 Nf6 2. Nf3 e6 3. Bf4 b6 4. Nbd2 Bb7 5. c3 Be7 6. Qc2 d5 7. Bg5 Nbd7 8. e3
O-O 9. Bd3 c5 10. Bb5 a6 11. Bxd7 Nxd7 12. Bxe7 Qxe7 13. O-O Rfc8 14. a4 e5 15.
dxe5 Nxe5 16. Nxe5 Qxe5 17. Nf3 Qf6 18. Qd3 Re8 19. Rfe1 Re4 20. h3 Rae8 21.
Nd2 R4e6 22. b4 d4 23. cxd4 cxd4 24. e4 Rc8 25. Rac1 Rec6 26. Rxc6 Rxc6 27. e5
Qg6 28. Qxg6 hxg6 29. Rd1 Rc3 30. Nf3 Bxf3 31. gxf3 d3 32. a5 bxa5 33. bxa5 Kf8
34. Kf1 Ke7 35. Ke1 Ke6 36. f4 Kf5 37. Kd2 Ra3 38. Re1 Rxa5 39. Kxd3 Ra4 40. e6
fxe6 41. Re5+ Kxf4 42. Rxe6 Kf5 43. Re7 Kf6 44. Ra7 g5 45. Ke2 Ra2+ 46. Kf3 a5
47. Kg4 Ra4+ 48. Kg3 g6 49. Ra8 Ra2 50. Rf8+ Ke7 1/2-1/2

[Event "5. Open Internacional 64 Villalba 2017"]
[Site "Collado Villalba ESP"]
[Date "2017.07.28"]
[Round "6.3"]
[White "Cabanas Bravo, Juan Andres"]
[Black "Barranco Martinez, Gabriel"]
[Result "1-0"]
[WhiteElo "2045"]
[BlackElo "1640"]
[PlyCount "107"]
[EventDate "2017.07.23"]
[EventType "swiss"]
[EventRounds "8"]
[EventCountry "ESP"]

1. e4 c6 2. d4 d5 3. f3 e6 4. e5 Bb4+ 5. c3 Be7 6. Nh3 c5 7. Bd3 cxd4 8. cxd4
Qb6 9. Nc3 Nc6 10. Ne2 Bd7 11. Qb3 Bb4+ 12. Bd2 Nge7 13. Nf2 Bxd2+ 14. Kxd2
Qxb3 15. axb3 O-O 16. Rhc1 a6 17. Nd1 Rfc8 18. g4 f6 19. f4 fxe5 20. fxe5 Rf8
21. Ke3 Be8 22. Ndc3 Bg6 23. Bxg6 Nxg6 24. Na4 Nh4 25. Rf1 Rxf1 26. Rxf1 Rf8
27. Rxf8+ Kxf8 28. Nc5 Nd8 29. Nf4 Kf7 30. b4 Ng6 31. Ne2 Ne7 32. Nc3 Nec6 33.
b5 Na5 34. bxa6 bxa6 35. b4 Nc4+ 36. Kd3 Nb2+ 37. Kc2 Nc4 38. Nxa6 Nc6 39. Ne2
Ne3+ 40. Kc3 Nxg4 41. b5 Ncxe5 42. dxe5 Nxe5 43. Nc7 Nc4 44. Nd4 Nd6 45. b6 Ke7
46. Ncxe6 g6 47. Nf4 Nb7 48. Nxd5+ Kd6 49. Kc4 Na5+ 50. Kb5 Nb7 51. Nb4 g5 52.
Ndc6 h5 53. Na5 Nc5 54. Nc4+ 1-0

[Event "5. Open Internacional 64 Villalba 2017"]
[Site "Collado Villalba ESP"]
[Date "2017.07.28"]
[Round "6.4"]
[White "Agejas Garcia, Diego"]
[Black "Suarez Paz, Alfonso"]
[Result "0-1"]
[WhiteElo "1540"]
[BlackElo "1886"]
[PlyCount "62"]
[EventDate "2017.07.23"]
[EventType "swiss"]
[EventRounds "8"]
[EventCountry "ESP"]

1. d4 d5 2. Bf4 Nd7 3. e3 Ngf6 4. Nf3 e6 5. c4 c6 6. a3 Be7 7. Nc3 a6 8. h3 O-O
9. cxd5 cxd5 10. Bd3 Ne8 11. O-O f5 12. Rc1 Nef6 13. Bh2 Ne4 14. Ne5 Nxe5 15.
Bxe5 Nxc3 16. Rxc3 Bd6 17. Bxd6 Qxd6 18. Qb1 Bd7 19. Rfc1 e5 20. dxe5 Qxe5 21.
Rd1 Bc6 22. Qc2 h6 23. Be2 f4 24. exf4 Qxf4 25. Bf1 Qg5 26. Qd2 Qxd2 27. Rxd2
Rad8 28. Rc5 Rf5 29. Be2 Rf6 30. Bxa6 bxa6 31. Rcc2 Bd7 0-1

[Event "5. Open Internacional 64 Villalba 2017"]
[Site "Collado Villalba ESP"]
[Date "2017.07.28"]
[Round "6.5"]
[White "Galan Aguado, Fernando"]
[Black "Pareja Cerrato, Antonio"]
[Result "1-0"]
[WhiteElo "1689"]
[BlackElo "1525"]
[PlyCount "127"]
[EventDate "2017.07.23"]
[EventType "swiss"]
[EventRounds "8"]
[EventCountry "ESP"]

1. d4 d5 2. Nf3 Nc6 3. e3 Nf6 4. Bd3 Bg4 5. Nbd2 e5 6. dxe5 Nxe5 7. Be2 Bd6 8.
Nxe5 Bxe2 9. Nxf7 Bxd1 10. Nxd8 Rxd8 11. Kxd1 Ng4 12. Ke1 O-O 13. Nf3 c5 14. h3
Nf6 15. b3 Rfe8 16. Kf1 Rf8 17. Bb2 Ne4 18. Rd1 Bc7 19. Ke2 Rfe8 20. c3 Ba5 21.
Rd3 c4 22. bxc4 dxc4 23. Rxd8 Rxd8 24. Rc1 Nc5 25. Rc2 Bc7 26. Nd4 g6 27. Ba3
Bd6 28. Bxc5 Bxc5 29. Ne6 Rd5 30. Rd2 Rxd2+ 31. Kxd2 Bd6 32. f3 b5 33. Ng5 h6
34. Ne4 Be7 35. Kc2 a5 36. Nd2 Kf7 37. a4 bxa4 38. Nxc4 Bd8 39. Nb2 a3 40. Na4
Ke6 41. Kb3 Be7 42. c4 Bb4 43. Nc3 Bxc3 44. Kxc3 a4 45. Kc2 Kd6 46. Kb1 Kc5 47.
Ka2 Kxc4 48. Kxa3 Kc3 49. e4 Kd4 50. Kxa4 g5 51. g4 Ke3 52. Kb4 Kxf3 53. e5 Kg3
54. e6 Kxh3 55. e7 Kxg4 56. e8=Q h5 57. Qe4+ Kh3 58. Qh1+ Kg4 59. Qg2+ Kf4 60.
Kc4 g4 61. Kd4 Kg5 62. Ke4 h4 63. Qd2+ Kh5 64. Kf5 1-0

[Event "5. Open Internacional 64 Villalba 2017"]
[Site "Collado Villalba ESP"]
[Date "2017.07.28"]
[Round "6.6"]
[White "Osuna Osuna, Francisco"]
[Black "Olmedo Aznar, Eduardo"]
[Result "1/2-1/2"]
[WhiteElo "1590"]
[BlackElo "1504"]
[PlyCount "60"]
[EventDate "2017.07.23"]
[EventType "swiss"]
[EventRounds "8"]
[EventCountry "ESP"]

1. e4 Nf6 2. Nc3 d5 3. e5 d4 4. exf6 dxc3 5. fxg7 cxd2+ 6. Qxd2 Qxd2+ 7. Bxd2
Bxg7 8. O-O-O Bf5 9. Bf4 O-O 10. Bd3 Bxd3 11. Rxd3 e5 12. Bd2 Re8 13. Rg3 Re6
14. Nf3 Nc6 15. Bc3 Rd8 16. Re1 Kf8 17. Rd1 Rxd1+ 18. Kxd1 Rg6 19. Rxg6 hxg6
20. Ng5 Ne7 21. Bb4 Ke8 22. c4 b6 23. Bc3 Nc6 24. Nf3 Ke7 25. Kd2 Nd4 26. Bxd4
exd4 27. Kd3 c5 28. b3 f5 29. Nd2 Bh6 30. Nf3 Bg7 1/2-1/2

[Event "5. Open Internacional 64 Villalba 2017"]
[Site "Collado Villalba ESP"]
[Date "2017.07.28"]
[Round "6.7"]
[White "Santo Domingo Pascual, Ignacio"]
[Black "Gonzalez Arroyo, Abel Miguel"]
[Result "1-0"]
[WhiteElo "1556"]
[BlackElo "1496"]
[PlyCount "89"]
[EventDate "2017.07.23"]
[EventType "swiss"]
[EventRounds "8"]
[EventCountry "ESP"]

1. d4 d5 2. Nf3 Nf6 3. g3 c6 4. Bg2 Bf5 5. O-O e6 6. c4 Be7 7. Nc3 h6 8. Re1
O-O 9. b3 Nbd7 10. c5 a5 11. Na4 Ne4 12. Nd2 b5 13. Nxe4 dxe4 14. Nc3 Nf6 15.
e3 Qc7 16. Qc2 Rfe8 17. Nxe4 Nxe4 18. Bxe4 Bxe4 19. Qxe4 Rad8 20. Bb2 Bf6 21.
a3 e5 22. dxe5 Bxe5 23. Bxe5 Rxe5 24. Qc2 Qe7 25. b4 a4 26. Rad1 Red5 27. Rxd5
Rxd5 28. Rd1 Qd7 29. Rxd5 Qxd5 30. e4 Qb3 31. Qc1 Qd3 32. Qe3 Qxe3 33. fxe3 f6
34. Kf2 Kf7 35. Kf3 Ke6 36. h4 Ke5 37. h5 f5 38. exf5 Kxf5 39. g4+ Ke5 40. e4
Kf6 41. Kf4 g5+ 42. hxg6 Kxg6 43. e5 Kf7 44. Kf5 Ke7 45. Kg6 1-0

[Event "5. Open Internacional 64 Villalba 2017"]
[Site "Collado Villalba ESP"]
[Date "2017.07.28"]
[Round "6.9"]
[White "Salgado Duarte, Pablo"]
[Black "Olmedo Alvarez, Jesus"]
[Result "1-0"]
[WhiteElo "1604"]
[BlackElo "1366"]
[PlyCount "100"]
[EventDate "2017.07.23"]
[EventType "swiss"]
[EventRounds "8"]
[EventCountry "ESP"]

1. d4 Nf6 2. c4 g6 3. Nf3 Bg7 4. Nc3 d6 5. e3 O-O 6. Be2 Nbd7 7. O-O b6 8. Re1
Bb7 9. Nd2 e5 10. d5 a5 11. Nb5 Nc5 12. Nc3 e4 13. f3 Re8 14. fxe4 Bh6 15. Bf3
Re5 16. Qe2 Qd7 17. b3 Rae8 18. Bb2 R5e7 19. Ba3 Bc8 20. Bxc5 bxc5 21. Rab1 Re5
22. g3 Rg5 23. Qf2 Bg7 24. Rbc1 Ng4 25. Bxg4 Qxg4 26. Qf3 Qh3 27. Rf1 Rf8 28.
Qg2 Qh6 29. Rf4 Be5 30. Rh4 Rh5 31. Rxh5 Qxe3+ 32. Qf2 Qxf2+ 33. Kxf2 gxh5 34.
Nf3 f6 35. Nb5 Rf7 36. Nxe5 fxe5+ 37. Kg2 Bg4 38. Rc3 Bc8 39. Rc2 Bb7 40. Rf2
Rg7 41. Rf6 Bc8 42. Rh6 h4 43. Rxh4 Bg4 44. Rh6 Rf7 45. Rh4 h5 46. h3 Be2 47.
g4 Bf3+ 48. Kg1 Bxe4 49. Rxh5 Bf3 50. Rf5 e4 1-0

[Event "5. Open Internacional 64 Villalba 2017"]
[Site "Collado Villalba ESP"]
[Date "2017.07.29"]
[Round "7.1"]
[White "Suarez Paz, Alfonso"]
[Black "Osorio Ramos, Francisco"]
[Result "1/2-1/2"]
[WhiteElo "1886"]
[BlackElo "1845"]
[PlyCount "60"]
[EventDate "2017.07.23"]
[EventType "swiss"]
[EventRounds "8"]
[EventCountry "ESP"]

1. e4 c5 2. c4 Nc6 3. Nc3 e6 4. d3 a6 5. Nf3 Qc7 6. g3 g6 7. Bg2 Bg7 8. O-O
Nge7 9. Bf4 d6 10. Qd2 O-O 11. Bh6 Ne5 12. Bxg7 Kxg7 13. Nh4 N5c6 14. Ne2 Nd4
15. Nxd4 cxd4 16. b3 Rb8 17. Rac1 Bd7 18. f4 f5 19. exf5 Nxf5 20. Nxf5+ Rxf5
21. Rce1 Rf6 22. Re4 e5 23. Rfe1 Re8 24. fxe5 dxe5 25. Qe2 Rfe6 26. Bh3 R6e7
27. Bxd7 Qxd7 28. Kg2 a5 29. Rf1 b6 30. a4 Qe6 1/2-1/2

[Event "5. Open Internacional 64 Villalba 2017"]
[Site "Collado Villalba ESP"]
[Date "2017.07.29"]
[Round "7.2"]
[White "Alonso C, Luis"]
[Black "Svyatoslav, Vorobyev"]
[Result "1-0"]
[WhiteElo "1912"]
[BlackElo "1771"]
[PlyCount "53"]
[EventDate "2017.07.23"]
[EventType "swiss"]
[EventRounds "8"]
[EventCountry "ESP"]

1. e4 e6 2. Nc3 d5 3. g3 Nf6 4. Bg2 Be7 5. d3 O-O 6. Nge2 dxe4 7. Nxe4 c6 8.
N2c3 Nbd7 9. O-O Nd5 10. Qh5 N7f6 11. Nxf6+ Nxf6 12. Qe2 Qc7 13. a4 b6 14. Bf4
Bd6 15. Nb5 cxb5 16. Bxd6 Qxd6 17. Bxa8 bxa4 18. Rxa4 e5 19. Bg2 a6 20. f4 Re8
21. Re1 Qc5+ 22. Qf2 Qb5 23. b3 Ng4 24. Qd2 Bd7 25. Qb4 e4 26. Qxb5 Bxb5 27.
Raxe4 1-0

[Event "5. Open Internacional 64 Villalba 2017"]
[Site "Collado Villalba ESP"]
[Date "2017.07.29"]
[Round "7.4"]
[White "Galan Aguado, Fernando"]
[Black "Rodriguez Sanchez, Juan Carlos"]
[Result "1-0"]
[WhiteElo "1689"]
[BlackElo "1604"]
[PlyCount "117"]
[EventDate "2017.07.23"]
[EventType "swiss"]
[EventRounds "8"]
[EventCountry "ESP"]

1. d4 Nf6 2. Nf3 e6 3. e3 d5 4. Bd3 c5 5. b3 cxd4 6. exd4 Nc6 7. O-O Nb4 8. Be2
Nc6 9. Bb2 Qb6 10. a3 g6 11. a4 Bg7 12. Ba3 Bd7 13. Bc5 Qc7 14. c3 b6 15. Ba3
Na5 16. Ne5 Ne4 17. Nxd7 Qxd7 18. Bb5 Nc6 19. Re1 a6 20. Bd3 Nf6 21. Qe2 Qb7
22. Nd2 Bf8 23. Qf3 Bxa3 24. Rxa3 Qe7 25. Raa1 O-O 26. Re3 Kg7 27. Rae1 Qa3 28.
Qe2 b5 29. axb5 axb5 30. Bxb5 Rfc8 31. Qf3 Qd6 32. h3 Rab8 33. Qe2 Na7 34. Ba4
Nc6 35. Rf3 Rc7 36. Qe3 Rbc8 37. Qg5 Qd8 38. g4 Na5 39. Ree3 h6 40. Qh4 Nc6 41.
Qg3 Nb8 42. h4 Nbd7 43. Qf4 Qe7 44. g5 hxg5 45. Qxg5 Nb6 46. Bb5 Rh8 47. Rh3
Rh5 48. Qg3 Ra7 49. Be2 Rh6 50. Qg2 Ra8 51. h5 Qc7 52. Qg3 Qe7 53. Qg2 Qc7 54.
Reg3 Qf4 55. Re3 Rah8 56. Nf1 Nxh5 57. Ref3 Qc7 58. Qg5 Nd7 59. Qe7 1-0

[Event "5. Open Internacional 64 Villalba 2017"]
[Site "Collado Villalba ESP"]
[Date "2017.07.29"]
[Round "7.5"]
[White "Olmedo Aznar, Eduardo"]
[Black "Santo Domingo Pascual, Ignacio"]
[Result "1/2-1/2"]
[WhiteElo "1504"]
[BlackElo "1556"]
[PlyCount "71"]
[EventDate "2017.07.23"]
[EventType "swiss"]
[EventRounds "8"]
[EventCountry "ESP"]

1. e4 c6 2. d3 g6 3. g3 Bg7 4. Bg2 e6 5. Nd2 d5 6. Ngf3 Nf6 7. O-O O-O 8. Re1
Qb6 9. c3 Nbd7 10. d4 dxe4 11. Nxe4 Nxe4 12. Rxe4 Nf6 13. Re1 Nd5 14. Nd2 Qc7
15. Nc4 Rd8 16. Qc2 b6 17. Ne3 Bb7 18. Nxd5 cxd5 19. Bf4 Qe7 20. Qd2 Ba6 21.
Bf3 Bf6 22. Bg2 Rd7 23. Qe3 Re8 24. Be5 Rc8 25. Rac1 Bxe5 26. Qxe5 Qd6 27. Qxd6
Rxd6 28. Bf1 Bc4 29. Bxc4 Rxc4 30. Re2 Rc7 31. a4 b5 32. Kf1 Rd8 33. Rec2 Rdc8
34. Ke2 Kg7 35. axb5 Rb8 36. c4 1/2-1/2

[Event "5. Open Internacional 64 Villalba 2017"]
[Site "Collado Villalba ESP"]
[Date "2017.07.29"]
[Round "7.6"]
[White "Barranco Martinez, Gabriel"]
[Black "Osuna Osuna, Francisco"]
[Result "0-1"]
[WhiteElo "1640"]
[BlackElo "1590"]
[PlyCount "56"]
[EventDate "2017.07.23"]
[EventType "swiss"]
[EventRounds "8"]
[EventCountry "ESP"]

1. d4 d5 2. c4 e5 3. dxe5 d4 4. e3 Bb4+ 5. Bd2 dxe3 6. Bxb4 exf2+ 7. Ke2
fxg1=N+ 8. Ke1 Qh4+ 9. Kd2 Qf2+ 10. Kc1 Bg4 11. Qxg4 Qxf1+ 12. Kd2 Nc6 13. Bd6
cxd6 14. e6 Qf2+ 15. Kc1 Ne2+ 16. Kd1 Qd4+ 17. Qxd4 Nexd4 18. exf7+ Kxf7 19.
Nc3 Nf6 20. Kd2 Rhe8 21. Rhf1 Kg8 22. Kd3 Nb4+ 23. Kd2 Ne4+ 24. Nxe4 Rxe4 25.
Kc3 Nbc6 26. Rf2 Rae8 27. Raf1 Re3+ 28. Kd2 Re2+ 0-1

[Event "5. Open Internacional 64 Villalba 2017"]
[Site "Collado Villalba ESP"]
[Date "2017.07.29"]
[Round "7.8"]
[White "Pena Hernandez, Francisco"]
[Black "Gali Gambero, Joaquin"]
[Result "1-0"]
[WhiteElo "1486"]
[BlackElo "1418"]
[PlyCount "111"]
[EventDate "2017.07.23"]
[EventType "swiss"]
[EventRounds "8"]
[EventCountry "ESP"]

1. c4 e6 2. Nf3 Nf6 3. d4 d5 4. Nc3 c5 5. Bf4 Nc6 6. e3 Bd7 7. cxd5 Nxd5 8.
Nxd5 exd5 9. dxc5 Qa5+ 10. Qd2 Qxd2+ 11. Nxd2 Bxc5 12. Bb5 Rc8 13. O-O O-O 14.
Nb3 Be7 15. Rac1 Bf6 16. Nc5 Be6 17. Nxb7 Ne5 18. Na5 Rb8 19. a4 a6 20. Bxa6
Ra8 21. Nc6 Rxa6 22. Nxe5 Rxa4 23. Ra1 Rb4 24. Nd3 Rb3 25. Ra3 d4 26. exd4 Bxd4
27. Rxb3 Bxb3 28. Be5 Bxe5 29. Nxe5 Re8 30. Rc1 f6 31. Nd3 Rd8 32. Nc5 Bf7 33.
b4 Be8 34. f3 Rb8 35. Rb1 Bb5 36. Kf2 Kf7 37. Ra1 Bc4 38. Ra7+ Kg6 39. Rb7 Rxb7
40. Nxb7 Bd5 41. Nd6 f5 42. Ke3 Kf6 43. Kd4 Ba8 44. Nc4 Ke6 45. b5 g5 46. Kc5
h5 47. Nd2 h4 48. g3 f4 49. g4 Ke5 50. b6 Bb7 51. Kc4 Bd5+ 52. Kd3 Bb7 53. Ne4
Kd5 54. Nxg5 Kc5 55. h3 Kxb6 56. Kd4 1-0

[Event "5. Open Internacional 64 Villalba 2017"]
[Site "Collado Villalba ESP"]
[Date "2017.07.30"]
[Round "8.1"]
[White "Osorio Ramos, Francisco"]
[Black "Cabanas Bravo, Juan Andres"]
[Result "0-1"]
[WhiteElo "1845"]
[BlackElo "2045"]
[PlyCount "102"]
[EventDate "2017.07.23"]
[EventType "swiss"]
[EventRounds "8"]
[EventCountry "ESP"]

1. Nf3 Nf6 2. c4 g6 3. b4 Bg7 4. Bb2 O-O 5. e3 c6 6. Nc3 a5 7. b5 d5 8. a4 Nbd7
9. d4 dxc4 10. Bxc4 Nb6 11. Bb3 cxb5 12. Nxb5 Bd7 13. O-O Bxb5 14. axb5 Ne4 15.
Nd2 Nd6 16. Ba4 Qd7 17. Ba3 Rfc8 18. Qb3 Rc7 19. Rfc1 Rac8 20. Rxc7 Qxc7 21.
Rc1 Qxc1+ 22. Bxc1 Rxc1+ 23. Nf1 Ra1 24. g3 Rxa4 25. Kg2 Rb4 26. Qa2 a4 27. Nd2
Nxb5 28. Ne4 e5 29. Ng5 Rb3 30. Qe2 f5 31. dxe5 Bxe5 32. Qd2 Bf6 33. Ne6 Rb2
34. Qa5 Nd6 35. Qa7 Kf7 36. Nc5 Be7 37. Qb8 a3 38. Nd3 Nd7 39. Qh8 Bf6 40.
Qxh7+ Bg7 41. Nf4 Nf8 42. Qh4 Bf6 43. Qh6 Ne4 44. Nd3 Rd2 45. g4 Rxd3 46. gxf5
Rd2 47. fxg6+ Nxg6 48. Kf3 a2 49. h4 a1=Q 50. h5 Qh1+ 51. Kg4 Qg2+ 0-1

[Event "5. Open Internacional 64 Villalba 2017"]
[Site "Collado Villalba ESP"]
[Date "2017.07.30"]
[Round "8.2"]
[White "Suarez Paz, Alfonso"]
[Black "Alonso C, Luis"]
[Result "1-0"]
[WhiteElo "1886"]
[BlackElo "1912"]
[PlyCount "95"]
[EventDate "2017.07.23"]
[EventType "swiss"]
[EventRounds "8"]
[EventCountry "ESP"]

1. e4 e5 2. Nc3 Bc5 3. Nf3 d6 4. Be2 f5 5. d3 Nf6 6. Bg5 c6 7. d4 exd4 8. Nxd4
O-O 9. O-O h6 10. Bxf6 Qxf6 11. Nf3 Bb6 12. exf5 Bxf5 13. Na4 Bc7 14. Qd4 Nd7
15. Qxf6 Rxf6 16. Nd4 Raf8 17. Nxf5 Rxf5 18. Bg4 Rf4 19. Bxd7 Rxa4 20. Rad1 d5
21. c3 Raf4 22. g3 R4f6 23. Rde1 Bb6 24. Re2 Kf7 25. Kg2 g5 26. h3 Bc7 27. Rfe1
Kg8 28. g4 Bd6 29. Bf5 d4 30. f3 c5 31. Re6 Bf4 32. Re7 Rb6 33. b3 Be3 34. Be4
Rb8 35. Rc7 Ra6 36. a4 b5 37. axb5 Ra3 38. Rxc5 a6 39. bxa6 Rxa6 40. Bd3 Ra2+
41. Kh1 Rb6 42. b4 Kf8 43. b5 Ke7 44. Rc6 Raa6 45. bxa6 Rxc6 46. a7 Ra6 47.
Bxa6 d3 48. a8=Q 1-0

[Event "5. Open Internacional 64 Villalba 2017"]
[Site "Collado Villalba ESP"]
[Date "2017.07.30"]
[Round "8.3"]
[White "Svyatoslav, Vorobyev"]
[Black "Santo Domingo Pascual, Ignacio"]
[Result "1-0"]
[WhiteElo "1771"]
[BlackElo "1556"]
[PlyCount "57"]
[EventDate "2017.07.23"]
[EventType "swiss"]
[EventRounds "8"]
[EventCountry "ESP"]

1. e4 c6 2. d4 g6 3. f4 d5 4. e5 Bg7 5. Nf3 Bg4 6. Be3 Nh6 7. h3 Bxf3 8. Qxf3
Nf5 9. Bf2 Qb6 10. Qc3 h5 11. Bd3 e6 12. Nd2 Nd7 13. Nf3 Bh6 14. g4 hxg4 15.
hxg4 Ne7 16. Ng5 Bg7 17. Rxh8+ Bxh8 18. O-O-O Nf8 19. Rh1 Bg7 20. Nh7 O-O-O 21.
Bh4 Nxh7 22. Bxe7 Rh8 23. f5 gxf5 24. gxf5 Bxe5 25. dxe5 Qe3+ 26. Kb1 Qf3 27.
Qe1 Qg4 28. Bf6 Rg8 29. Rxh7 1-0

[Event "5. Open Internacional 64 Villalba 2017"]
[Site "Collado Villalba ESP"]
[Date "2017.07.30"]
[Round "8.4"]
[White "Osuna Osuna, Francisco"]
[Black "Pena Hernandez, Francisco"]
[Result "1-0"]
[WhiteElo "1590"]
[BlackElo "1486"]
[PlyCount "47"]
[EventDate "2017.07.23"]
[EventType "swiss"]
[EventRounds "8"]
[EventCountry "ESP"]

1. e4 e5 2. Nf3 d6 3. d4 exd4 4. Nxd4 Nf6 5. Nc3 g6 6. Bg5 c6 7. Qd2 Bg7 8.
O-O-O O-O 9. h4 Qc7 10. Bh6 Ng4 11. Bxg7 Kxg7 12. h5 Nd7 13. hxg6 fxg6 14. f3
Nde5 15. fxg4 Nxg4 16. Nf3 Qb6 17. Qxd6 Qe3+ 18. Kb1 Rf6 19. Qe7+ Rf7 20. Rxh7+
Kxh7 21. Qxf7+ Kh6 22. Rd8 Kh5 23. Rh8+ Nh6 24. g4+ 1-0

[Event "5. Open Internacional 64 Villalba 2017"]
[Site "Collado Villalba ESP"]
[Date "2017.07.30"]
[Round "8.5"]
[White "Agejas Garcia, Diego"]
[Black "Olmedo Aznar, Eduardo"]
[Result "1-0"]
[WhiteElo "1540"]
[BlackElo "1504"]
[PlyCount "99"]
[EventDate "2017.07.23"]
[EventType "swiss"]
[EventRounds "8"]
[EventCountry "ESP"]

1. d4 Nf6 2. Nf3 d5 3. Bf4 e6 4. e3 Nbd7 5. c4 c5 6. Nc3 Be7 7. h3 cxd4 8. Qxd4
Qb6 9. Qxb6 Nxb6 10. cxd5 Nbxd5 11. Nxd5 Nxd5 12. Bb5+ Bd7 13. Bxd7+ Kxd7 14.
O-O-O Rhc8+ 15. Kb1 Ke8 16. Bg3 Nf6 17. Nd2 Bb4 18. Be5 Rd8 19. Bxf6 gxf6 20.
Ne4 Ke7 21. Rxd8 Rxd8 22. Rc1 Rd7 23. Rc4 Bd6 24. Nxd6 Rxd6 25. Kc2 Rc6 26.
Rxc6 bxc6 27. Kc3 Kd6 28. Kc4 f5 29. f3 h5 30. g3 c5 31. Kb5 Kd5 32. b3 a6+ 33.
Kxa6 c4 34. bxc4+ Kxc4 35. a4 Kc5 36. Kb7 Kb4 37. Kc7 Kxa4 38. Kd7 e5 39. Ke7
Kb5 40. Kxf7 e4 41. fxe4 fxe4 42. Ke6 Kc5 43. Ke5 Kc6 44. Kxe4 Kd6 45. Kf5 Kd5
46. Kg5 Ke4 47. Kxh5 Kxe3 48. Kg5 Ke4 49. h4 Ke5 50. h5 1-0

[Event "5. Open Internacional 64 Villalba 2017"]
[Site "Collado Villalba ESP"]
[Date "2017.07.30"]
[Round "8.6"]
[White "Rodriguez Sanchez, Juan Carlos"]
[Black "Martin-Consuegra Barrilero, Ja"]
[Result "0-1"]
[WhiteElo "1604"]
[BlackElo "1818"]
[PlyCount "107"]
[EventDate "2017.07.23"]
[EventType "swiss"]
[EventRounds "8"]
[EventCountry "ESP"]

1. Nf3 Nf6 2. c4 d6 3. d4 c6 4. Nc3 Nbd7 5. e4 e5 6. dxe5 dxe5 7. Bg5 Be7 8.
Qc2 Qc7 9. Rc1 O-O 10. Be2 Re8 11. O-O Nf8 12. h3 Ne6 13. Be3 g6 14. Rfd1 Nh5
15. a3 Nef4 16. Bf1 g5 17. Nh2 Nf6 18. g3 Nxh3+ 19. Bxh3 Bxh3 20. Bxg5 Ng4 21.
Bxe7 Qxe7 22. Qe2 Qf6 23. Nf3 Qg6 24. Qd2 Nf6 25. Qg5 Bg4 26. Qxg6+ hxg6 27.
Kg2 Kg7 28. Rd6 Bxf3+ 29. Kxf3 Re7 30. Rcd1 Rae8 31. b4 Rc7 32. c5 a6 33. Nb1
Ra8 34. Rd8 Rxd8 35. Rxd8 Rd7 36. Rxd7 Nxd7 37. Nd2 b6 38. Nb3 bxc5 39. bxc5 f5
40. Ke3 Kf6 41. f4 Ke6 42. fxe5 Kxe5 43. exf5 gxf5 44. Kf3 Nf6 45. Ke3 Nd5+ 46.
Kd3 Nf6 47. Ke3 Kd5 48. Kd3 Nh5 49. Nd4 f4 50. gxf4 Nxf4+ 51. Kc3 Kxc5 52. a4
Nd5+ 53. Kd3 a5 54. Nf5 0-1

[Event "5. Open Internacional 64 Villalba 2017"]
[Site "Collado Villalba ESP"]
[Date "2017.07.30"]
[Round "8.9"]
[White "Pareja Cerrato, Antonio"]
[Black "Garcia Gil, Yvan"]
[Result "1-0"]
[WhiteElo "1525"]
[BlackElo "1244"]
[PlyCount "109"]
[EventDate "2017.07.23"]
[EventType "swiss"]
[EventRounds "8"]
[EventCountry "ESP"]

1. e4 d6 2. d4 Nf6 3. Nc3 g6 4. Bf4 Nc6 5. Bb5 Nh5 6. Be3 Nf6 7. h3 Bg7 8. e5
dxe5 9. dxe5 Qxd1+ 10. Rxd1 Nd7 11. Nd5 Bxe5 12. Nf3 Bd6 13. Nd4 Nxd4 14. Bxd4
e5 15. Bxd7+ Bxd7 16. Nf6+ Kd8 17. Bxe5 Bxe5 18. Nxd7 Bd6 19. Nf6 Ke7 20. Nd5+
Kd7 21. O-O Rad8 22. Rfe1 Kc8 23. Kf1 c6 24. Nf6 Bb4 25. c3 Rxd1 26. Rxd1 Be7
27. Ng4 h5 28. Ne5 Rf8 29. g3 Rd8 30. Rxd8+ Kxd8 31. Nxf7+ Kd7 32. Ne5+ Ke6 33.
Nxg6 Bg5 34. f4 Bf6 35. Ke2 Kf5 36. Ne5 Bxe5 37. fxe5 Kxe5 38. Ke3 Kf5 39. a4
a5 40. b4 b6 41. bxa5 bxa5 42. Kd4 Ke6 43. c4 Kd6 44. c5+ Ke6 45. g4 h4 46. g5
Kf5 47. g6 Kxg6 48. Ke5 Kg5 49. Kd6 Kf4 50. Kxc6 Kg3 51. Kb6 Kxh3 52. c6 Kg3
53. c7 h3 54. c8=Q h2 55. Qc7+ 1-0